Statistics for Πρωτεύουσες της Ασίας

Click here to take the quiz!

General Stats

  • This quiz has been taken 256 times
  • The average score is 29 of 48

Answer Stats

ΧώραΠρωτεύουσα/ες% Correct
ΙαπωνίαΤόκυο
95%
Κίνα (ΛΔΚ)Πεκίνο
93%
ΙνδίαΝέο Δελχί
93%
ΚύπροςΛευκωσία
92%
ΙσραήλΙερουσαλήμ / Τελ Αβίβ
87%
ΑζερμπαϊτζάνΜπακού
84%
ΙράνΤεχεράνη
83%
ΑρμενίαΓερεβάν
79%
ΒιετνάμΑνόι
79%
ΓεωργίαΤιφλίδα
79%
ΙνδονησίαΤζακάρτα
78%
ΙράκΒαγδάτη
78%
ΙορδανίαΑμμάν
77%
ΤουρκίαΆγκυρα
77%
Ηνωμένα Αραβικά ΕμιράταΆμπου Ντάμπι
73%
ΑφγανιστάνΚαμπούλ
71%
ΛίβανοςΒηρυτός
70%
ΣυρίαΔαμασκός
68%
Νότια ΚορέαΣεούλ
64%
ΚαζακστάνΝουρ Σουλτάν / Αστάνα
64%
ΠακιστάνΙσλαμαμπάντ
63%
ΜογγολίαΟυλαανμπαατάρ (Ουλάν Μπατόρ)
62%
Βόρεια ΚορέαΠιονγκγιάνγκ
62%
ΚατάρΝτόχα
62%
ΚουβέιτΠόλη του Κουβέιτ
61%
ΣιγκαπούρηΣιγκαπούρη
61%
Σαουδική ΑραβίαΡιάντ
61%
ΦιλιππίνεςΜανίλα
60%
ΟυζμπεκιστάνΤασκένδη
57%
ΜαλαισίαΚουάλα Λουμπούρ
56%
ΝεπάλΚατμαντού
55%
ΚαμπότζηΠνομ Πεν
54%
Ταϊβάν (Δημοκρατία της Κίνας)Ταϊπέι
54%
ΤαϊλάνδηΜπανγκόκ
51%
ΜπανγκλαντέςΝτάκα
49%
Ανατολικό Τιμόρ (Τιμόρ-Λέστε)Ντίλι
47%
ΜαλδίβεςΜαλέ
44%
ΛάοςΒιεντιάν
44%
Κιργιστάν (Κιργιζία)Μπισκέκ
43%
ΥεμένηΣαναά / Άντεν
42%
ΜπουτάνΘιμφού (Τιμπού)
39%
ΜπαχρέινΜανάμα
38%
Σρι ΛάνκαΣρι Τζάγιαβαρντενεπουρα Κότε
35%
ΟμάνΜουσκάτ
32%
ΜπρουνέιΜπαντάρ Σερί Μπεγκαβάν
31%
ΤουρκμενιστάνΑσγκαμπάτ
31%
ΤατζικιστάνΝτουσαμπέ
29%
Μιανμάρ (Βιρμανία)Νέπιντο
27%

Score Distribution

Percentile by Number Answered

Percent of People with Each Score

Your Score History

You have not taken this quiz